000 00707nam a2200229Ii 4500
003 JO-AjNU
008 230605s9999||||xx |||||||||||||| ||und||
017 _a2001/14988
020 _a977-5283-74-4
040 _aJO-AjNU
_bara
_erda
_cJO-AjNU
041 _aara
050 1 4 _aPJ6697.S532 2002
100 3 _aالشرقاوي، السيد,
_eauthor
_914952
245 0 0 _aالملكة اللغوية في الفكر اللغوي العربي
250 _aط1
264 3 1 _aالقاهرة: مؤسسة المختار، 2002
300 _a119ص
336 _atext
_btxt
_2rdacontent
337 _aunmediated
_bn
_2rdamedia
338 _avolume
_bnc
_2rdacarrier
650 4 _aاللغة العربية
_914953
999 _aA4110
_c7678
_d7678